000 00719nam a2200229 i 4500
001 183517
003 ES-MaACL
005 20231103143104.0
008 140710s2001 sp | |||| ||spa d
020 _a84-86448-74-3
080 _a821.134.2-31"19"
100 1 _aQueraltó, Alberto.
_9154930
245 1 0 _aLenguas de fuego /
_cAlberto Queraltó.
260 _aAlcalá de Guadaira (Sevilla) :
_bGuadalmena,
_cD.L. 2001.
300 _a251 p. ;
_c22 cm.
490 1 _aNovela
830 0 _aNovela
_9179893
852 _aES-MaACL
_jA-13130
_9190458
_bR.149960
_cDEPO1
_dOlim: N-6130
_hDonación: Alberto Queraltó
903 _9154930
_aQueraltó, Alberto
_ednr
942 _2udc
_cMONOGRAFIA
999 _c183517
_d183517